Loading...

Vanijyathinte Pradhamikathathvangal

Bibliographic Details
Main Author: Nambyar M C K
Format: Printed Book
Published: Thiruvanamthapuram: Kerala Bhasha institute.
Subjects:
LEADER 00449nam a22001214a 4500
082 |a 380 
100 |a Nambyar M C K , 
260 |a Thiruvanamthapuram:  |b Kerala Bhasha institute. 
650 |a Vanijyathinte Pradhamikathathvangal 
245 |a Vanijyathinte Pradhamikathathvangal  |c by M C K Nambyar 
942 |c BK 
999 |c 246728  |d 246728 
952 |0 0  |1 0  |4 0  |6 380_000000000000000_NAM  |7 0  |8 G  |9 262081  |a HIS  |b HIS  |d 2020-01-04  |l 0  |o 380 NAM  |p HIS4918  |r 2020-01-04  |t 1  |w 2020-01-04  |y BK